الجامعات السعودية / (Record no. 1931)

MARC details
000 -LEADER
fixed length control field 00743nam a22001817a 4500
001 - CONTROL NUMBER
control field 1933
005 - DATE AND TIME OF LATEST TRANSACTION
control field 20221127090329.0
008 - FIXED-LENGTH DATA ELEMENTS--GENERAL INFORMATION
fixed length control field 100413s lsu a r 00000 ara d
035 ## - SYSTEM CONTROL NUMBER
System control number 707
082 04 - DEWEY DECIMAL CLASSIFICATION NUMBER
Classification number 378.0025531
Item number س403 ج
110 0# - MAIN ENTRY--CORPORATE NAME
Corporate name or jurisdiction name as entry element السعودية.
Subordinate unit وزارة التعليم العالي.
245 12 - TITLE STATEMENT
Title الجامعات السعودية /
Statement of responsibility, etc. وزارة التعليم العالي.
260 ## - PUBLICATION, DISTRIBUTION, ETC.
Place of publication, distribution, etc. الرياض :
Name of publisher, distributor, etc. وزارة التعليم العالي،
Date of publication, distribution, etc. د.ت.
300 ## - PHYSICAL DESCRIPTION
Extent 201 ص. :
Other physical details ايض. ملونة ؛
Dimensions 23 سم.
500 ## - GENERAL NOTE
General note بدون صفحة عنوان والبيانات من الغلاف.
650 #4 - SUBJECT ADDED ENTRY--TOPICAL TERM
Topical term or geographic name entry element التعليم العالي
Geographic subdivision السعودية
Form subdivision ادلة.
650 #4 - SUBJECT ADDED ENTRY--TOPICAL TERM
Topical term or geographic name entry element الجامعات والكليات
Geographic subdivision السعودية.
Holdings
Withdrawn status Lost status Source of classification or shelving scheme Damaged status Not for loan Home library Current library Date acquired Total Checkouts Full call number Barcode Date last seen Copy number Price effective from Koha item type
              11/27/2022   378.0025531 س403 ج 1000000006168 11/27/2022 C5 11/27/2022 Reference
              11/27/2022   378.0025531 س403 ج 1000000006167 11/27/2022 C6 11/27/2022 Reference
              11/27/2022   378.0025531 س403 ج 10000000013774 11/27/2022 C7 11/27/2022 Reference
          CENTRAL CENTRAL 11/27/2022   378.0025531 س403 ج 1000000005582 11/27/2022 C1 11/27/2022 Reference
          CENTRAL CENTRAL 11/27/2022   378.0025531 س403 ج 1000000005596 11/27/2022 C2 11/27/2022 Reference
          CENTRAL CENTRAL 11/27/2022   378.0025531 س403 ج 1000000005594 11/27/2022 C3 11/27/2022 Reference
          CENTRAL CENTRAL 11/27/2022   378.0025531 س403 ج 1000000005595 11/27/2022 C4 11/27/2022 Reference